[Event "Singer - Cotner Spring Series 1"]
[Site "http://www.queenalice.com/game.php?id=199930"]
[Date "2007.4.20"]
[Round "-"]
[White "adlerburg"]
[Black "cre4"]
[Result "1-0"]
[WhiteElo "1684"]
[BlackElo "1567"]

1. Nf3 e6 2. e4 Nf6 3. e5 Ne4 4. d3 Nc5 5. b4 Na4 6. c3 Nc6 7. Qxa4 b5 8. Qxb5
Be7 9. d4 a6 10. Qd3 O-O 11. b5 axb5 12. Nbd2 Ba6 13. Qb1 d5 14. exd6 Qxd6 15.
Ne4 Qd8 16. Nc5 Bxc5 17. Ng5 g6 18. dxc5 Ne7 19. g3 Bb7 20. Rg1 c6 21. Bg2 Qa5
22. Bd2 Nd5 23. Bxd5 exd5 24. Kf1 d4 25. Qd3 dxc3 26. Qxc3 Qxc3 27. Bxc3 Rfe8
28. Re1 Rxe1+ 29. Bxe1 Rxa2 30. Kg2 f6 31. Ne4 f5 32. Nd6 Ba6 33. Bc3 Rc2 34.
Ra1 b4 35. Bxb4 Bb5 36. Ra8+ Kg7 37. Nxb5 cxb5 38. Ra5 h5 39. Rxb5 Rc1 40. Rb7+
Kh6 41. Bd2+ g5 42. Bxc1 Kg6 43. Rb6+ Kf7 44. c6 Ke7 45. Bxg5+ Kd6 46. Bf4+ Kc5
47. c7 Kxb6 48. c8=Q Ka7 49. Be3# 1-0

[Event "Cotner - Singer Spring Series 1"]
[Site "http://www.queenalice.com/game.php?id=199931"]
[Date "2007.4.20"]
[Round "-"]
[White "cre4"]
[Black "adlerburg"]
[Result "1-0"]
[WhiteElo "1556"]
[BlackElo "1695"]

1. e4 e5 2. Nf3 Nc6 3. Bc4 Bc5 4. O-O Nf6 5. Ng5 d5 6. exd5 Nxd5 7. Qh5 g6 8.
Qh6 Nf6 9. Qg7 Rf8 10. Nxh7 Nxh7 11. Qxh7 Qf6 12. d3 Qh8 13. Qxh8 Rxh8 14. Bg5
Rh5 15. Be3 Bd4 16. Bxd4 Nxd4 17. Nc3 Bd7 18. Nd5 O-O-O 19. Ne7+ Kb8 20. Bxf7
Rdh8 21. h3 R5h7 22. Nxg6 Ne2+ 23. Kh2 Rd8 24. Nxe5 Bf5 25. Bg6 Bxg6 26. Nxg6
Rh6 27. Ne5 Re6 28. Nf7 Rg8 29. Rfe1 Rg7 30. Nd8 Re8 31. Nxb7 Kxb7 32. Rad1 Rge7
33. Rd2 Ng3 34. Rxe7 Nf1+ 35. Kg1 Rxe7 36. Kxf1 Re6 37. Re2 Rb6 38. b3 a5 39. h4
c5 40. a4 Rb4 41. h5 Kc7 42. Re4 Rb6 43. g4 Kd7 44. g5 Re6 45. Rxe6 Kxe6 46. c3
Kf5 47. f4 c4 48. h6 cxd3 49. Ke1 Kxf4 50. h7 Ke3 51. Kd1 d2 52. h8=Q Kf4 53.
Qf6+ Kg4 54. g6 Kh5 55. g7 Kg4 56. g8=R+ Kh5 57. Qg5# 1-0

[Event "Challenge"]
[Site "http://www.queenalice.com/game.php?id=208134"]
[Date "2007.5.8"]
[Round "-"]
[White "cre4"]
[Black "Hugo62"]
[Result "1-0"]
[WhiteElo "1571"]
[BlackElo "1206"]

1. e4 e5 2. Bc4 Nh6 3. Nf3 Bd6 4. d3 Bb4+ 5. c3 Be7 6. Bxh6 gxh6 7. Nxe5 Rf8 8.
Qf3 d6 9. Nxf7 Qd7 10. Nxh6 Rxf3 11. gxf3 Qh3 12. Bf7+ Kd7 13. Ng8 Bf8 14. Nd2
Nc6 15. O-O-O Bh6 16. d4 b6 17. d5 Ne5 18. Be6+ Kd8 19. Bxh3 Bxh3 20. Nxh6 Nd3+
21. Kc2 Nxf2 22. Nf7+ Kd7 23. Ng5 Be6 24. Rhg1 h6 25. Rdf1 Nh3 26. Nxh3 Bxh3 27.
Rg7+ Kc8 28. Rfg1 a5 29. Rg8+ Kb7 30. Rxa8 Kxa8 31. Rg8+ Kb7 32. Nc4 Ka6 33. Rh8
Bf1 34. Rxh6 Bxc4 35. b3 Be2 36. f4 Bf3 37. f5 Bxe4+ 38. Kd2 Bxf5 39. c4 Be4 40.
h4 Bf5 41. h5 Be4 42. Re6 Bf5 43. Re7 Kb7 44. h6 Kb8 45. h7 Bxh7 46. Rxh7 Kb7
47. a4 Kb8 48. Kc3 Kb7 49. b4 axb4+ 50. Kxb4 Ka6 51. Rxc7 b5 52. axb5+ Kb6 53.
Rc6+ Kb7 54. Rxd6 Kc7 55. Rc6+ Kb7 56. d6 Kb8 57. d7 Kb7 58. d8=Q Ka7 59. Qd7+
Kb8 60. Rc8# 1-0

[Event "Challenge"]
[Site "http://www.queenalice.com/game.php?id=214249"]
[Date "2007.5.21"]
[Round "-"]
[White "alexnu"]
[Black "cre4"]
[Result "1-0"]
[WhiteElo "1800"]
[BlackElo "1578"]

1. g4 e6 2. Bg2 Nf6 3. h3 Bc5 4. d4 Bb4+ 5. c3 Ba5 6. Qa4 Nc6 7. Bxc6 bxc6 8.
Qxa5 Ne4 9. Qe5 d5 10. f3 f6 11. Qh2 f5 12. fxe4 dxe4 13. gxf5 exf5 14. Bf4 Qh4+
15. Qg3 Qxg3+ 16. Bxg3 Rb8 17. b4 O-O 18. Bxc7 Rb7 19. Bd6 f4 20. Bxf8 Kxf8 21.
Nd2 e3 22. Ne4 Kf7 23. Nd6+ Ke7 24. Nxb7 Bxb7 25. Nf3 Kf6 26. a3 g5 27. Rg1 h6
28. Nh2 Kf5 29. Ng4 h5 30. Ne5 Bc8 31. Nxc6 Ke4 32. Rxg5 Bxh3 33. Re5# 1-0

[Event "Cotner-Singer Summer Series"]
[Site "http://www.queenalice.com/game.php?id=234345"]
[Date "2007.7.3"]
[Round "-"]
[White "cre4"]
[Black "adlerburg"]
[Result "0-1"]
[WhiteElo "1573"]
[BlackElo "1724"]

1. e4 e6 2. Nf3 d5 3. exd5 Nf6 4. dxe6 Bxe6 5. Bb5+ c6 6. Ba4 Bd6 7. O-O b5 8.
d4 bxa4 9. Re1 O-O 10. Ng5 Qc7 11. Nxe6 fxe6 12. Rxe6 Bxh2+ 13. Kh1 Bf4 14. Bxf4
Qxf4 15. g3 Qxf2 16. Qg1 Qxc2 17. Na3 Qxb2 18. Nc4 Qb5 19. Nd6 Qd5+ 20. Ne4 Qxe6
21. Ng5 Qf5 22. Qe3 Re8 23. Qf4 Qd5+ 24. Kh2 Re2+ 25. Kg1 Qg2# 0-1

[Event "Singer-Cotner Summer Series"]
[Site "http://www.queenalice.com/game.php?id=234346"]
[Date "2007.7.3"]
[Round "-"]
[White "adlerburg"]
[Black "cre4"]
[Result "1-0"]
[WhiteElo "1729"]
[BlackElo "1563"]

1. Nf3 e6 2. g3 Nf6 3. Bg2 Bc5 4. d4 Bb4+ 5. c3 Ba5 6. O-O d5 7. Qa4+ Bd7 8.
Qxa5 Nc6 9. Qb5 a6 10. Qxb7 Na5 11. Qb4 Rb8 12. Qxa5 O-O 13. Qxa6 Ne4 14. Qd3
Bb5 15. Qc2 c6 16. a4 Bc4 17. Nbd2 Qa5 18. b4 Qb6 19. Nxc4 Qd8 20. Nfe5 Qf6 21.
Bxe4 dxe4 22. Nd7 Qf5 23. Nxb8 Rxb8 24. Nd6 Qd5 25. Bf4 Rf8 26. c4 Qxd4 27. e3
Qf6 28. Qxe4 Qc3 29. Qxc6 Qxb4 30. Rfb1 Qa5 31. Ne8 Qd8 32. Rb8 Qe7 33. Bd6 Qg5
34. Bxf8 Kxf8 35. Nd6+ Ke7 36. Re8+ Kf6 37. Ne4+ Kg6 38. Nxg5 Kxg5 39. h4+ Kf6
40. Qf3+ Kg6 41. Qg4+ Kf6 42. Qg5# 1-0

[Event "Cotner - Singer Summer Series 2"]
[Site "http://www.queenalice.com/game.php?id=241757"]
[Date "2007.7.18"]
[Round "-"]
[White "cre4"]
[Black "adlerburg"]
[Result "1-0"]
[WhiteElo "1569"]
[BlackElo "1688"]

1. Nf3 Nc6 2. e4 e5 3. Bc4 h6 4. d3 Nf6 5. b4 Bxb4+ 6. Bd2 b6 7. Bxb4 Nxb4 8.
Nxe5 d5 9. exd5 Nbxd5 10. Bb5+ Bd7 11. Bxd7+ Nxd7 12. Nxd7 Qxd7 13. Qe2+ Qe6 14.
Qxe6+ fxe6 15. O-O O-O-O 16. Na3 Nb4 17. g3 Rd5 18. Rfd1 Rhd8 19. Kg2 e5 20. Kh3
e4 21. c4 Rh5+ 22. Kg2 Nxd3 23. Nc2 Rhd5 24. a3 Nf4+ 25. gxf4 Rxd1 26. Rxd1 Rxd1
27. Ne3 Rc1 28. f5 Ra1 29. Nc2 Ra2 30. Nd4 e3 31. Kf3 exf2 32. Kg2 f1=Q+ 33.
Kxf1 Rxh2 34. Ne6 Kd7 35. Nxg7 Ke7 36. Kg1 Rh5 37. Nxh5 1-0

[Event "Singer - Cotner Summer Series 2"]
[Site "http://www.queenalice.com/game.php?id=241758"]
[Date "2007.7.18"]
[Round "-"]
[White "adlerburg"]
[Black "cre4"]
[Result "1-0"]
[WhiteElo "1667"]
[BlackElo "1600"]

1. d4 d5 2. e3 Nc6 3. g3 e5 4. Nf3 exd4 5. Nxd4 Nxd4 6. exd4 Bb4+ 7. c3 Ba5 8.
Bg2 c6 9. b4 Bb6 10. Qe2+ Be6 11. Bh3 Ne7 12. Bxe6 fxe6 13. Qh5+ Ng6 14. Bg5 Qd7
15. Qf3 Rf8 16. Qe2 a5 17. bxa5 Bxa5 18. O-O b5 19. a4 bxa4 20. Rxa4 Kf7 21. Re1
Kg8 22. Qxe6+ Qxe6 23. Rxe6 h6 24. Bd2 Rf6 25. Rxf6 gxf6 26. c4 Rb8 27. Rxa5
Rxb1+ 28. Kg2 Rd1 29. Bxh6 dxc4 30. Rc5 Rxd4 31. Rxc6 Ne5 32. Rxf6 c3 33. Ra6 c2
34. Ra2 Rc4 35. Ra3 Kh7 36. Ra6 Nc6 37. Be3 Nd4 38. Rh6+ Kg7 39. Ra6 Rc6 40.
Bxd4+ Rf6 41. Bxf6+ Kg6 42. Bb2+ Kf5 43. Ra4 Ke6 44. Ra5 Kd6 45. Kf3 Kc6 46. Ke4
Kb6 47. Rd5 Kc6 48. Rh5 Kd6 49. Rg5 Kc6 50. Kd4 Kd6 51. Rg6+ Kc7 52. Kd5 Kb7 53.
Kc5 Kc7 54. Rg7+ Kd8 55. Kd6 Ke8 56. Ke6 Kf8 57. Ra7 Ke8 58. Ra8# 1-0

[Event "Challenge"]
[Site "http://www.queenalice.com/game.php?id=244526"]
[Date "2007.7.24"]
[Round "-"]
[White "lesangesleader"]
[Black "cre4"]
[Result "0-1"]
[WhiteElo "1524"]
[BlackElo "1554"]

1. Nf3 e6 2. d4 Nf6 3. c4 Bb4+ 4. Bd2 Nc6 5. Bxb4 Nxb4 6. a3 Nc6 7. Nc3 d5 8. e3
dxc4 9. Bxc4 O-O 10. O-O Na5 11. Be2 b6 12. b4 Nc6 13. Nd2 e5 14. dxe5 Nxe5 15.
Nf3 Nxf3+ 16. Bxf3 Bg4 17. h3 Bxf3 18. Qxf3 c5 19. Rfd1 Qe7 20. bxc5 bxc5 21.
Nd5 Nxd5 22. Rxd5 Rad8 23. Rc1 Rxd5 24. Qxd5 c4 25. Qxc4 Qxa3 26. Qd4 Qxc1+ 0-1

[Event "Challenge"]
[Site "http://www.queenalice.com/game.php?id=250191"]
[Date "2007.8.3"]
[Round "-"]
[White "cre4"]
[Black "nandocassapava"]
[Result "1/2-1/2"]
[WhiteElo "1593"]
[BlackElo "1608"]

1. e4 e5 2. Nf3 d6 3. Bc4 h6 4. d4 Be7 5. dxe5 Nc6 6. exd6 Qxd6 7. O-O Qxd1 8.
Rxd1 Nf6 9. Nc3 O-O 10. Bf4 Ne8 11. Nd5 Bc5 12. Nxc7 Nxc7 13. Bxc7 Nb4 14. Ne5
Be6 15. a3 Nxc2 16. Rac1 Nd4 17. Bxe6 Nxe6 18. Rd7 Nxc7 19. Rxc5 Ne6 20. Rcd5
Rac8 21. g3 Ng5 22. Rxb7 Nxe4 23. Rxa7 Rc2 24. Rdd7 Ng5 25. h4 Nh3+ 26. Kg2 Nxf2
27. Nxf7 Ne4+ 28. Kf3 Nf6 29. Re7 Rxb2 30. Nd6 Rb3+ 31. Ke2 Nh5 32. g4 Ng3+ 33.
Kd2 Rf2+ 34. Ke1 Rf1+ 35. Kd2 Rf2+ 36. Ke1 Rf1+ 37. Kd2 Rf2+ 38. Ke1 1/2-1/2

[Event "Challenge"]
[Site "http://www.queenalice.com/game.php?id=252113"]
[Date "2007.8.7"]
[Round "-"]
[White "robertolanger"]
[Black "cre4"]
[Result "0-1"]
[WhiteElo "1336"]
[BlackElo "1587"]

1. e4 e6 2. e5 Nc6 3. d4 Bb4+ 4. Bd2 Bxd2+ 5. Nxd2 Nxd4 6. Ne4 Nf5 7. Qd3 d5 8.
Nc5 Nge7 9. O-O-O b6 10. Nb3 O-O 11. Qh3 a5 12. Bd3 a4 13. Bxf5 Nxf5 14. Nd2 Ba6
15. Ngf3 Be2 16. Rde1 Bxf3 17. Qxf3 Nh4 18. Qh3 Qg5 19. g3 Nf3 20. Rd1 Nxe5 21.
Rhe1 Nc4 22. f4 Qf5 23. Qg2 Qf6 24. c3 a3 25. b3 Qxc3+ 26. Kb1 Qb2# 0-1

[Event "Challenge"]
[Site "http://www.queenalice.com/game.php?id=252181"]
[Date "2007.8.7"]
[Round "-"]
[White "cre4"]
[Black "lesangesleader"]
[Result "0-1"]
[WhiteElo "1594"]
[BlackElo "1712"]

1. e4 e6 2. Nf3 d5 3. Nc3 a6 4. d4 Nf6 5. e5 Nfd7 6. Bd3 c5 7. O-O Nc6 8. Bg5
Be7 9. Bxe7 Qxe7 10. dxc5 Qxc5 11. Ng5 Ndxe5 12. a3 Nxd3 13. Qxd3 h6 14. Na4 Qa7
15. Nf3 b5 16. Nc3 Bb7 17. Qe2 O-O 18. Ne5 Nxe5 19. Qxe5 Qb8 20. Qd4 Rd8 21.
Rae1 Qa7 22. Qg4 Rac8 23. b4 Rxc3 24. Re3 Rxe3 25. fxe3 Qxe3+ 26. Rf2 Rc8 27.
Qd1 d4 28. h3 Be4 29. Qe2 Qxe2 30. Rxe2 Bxc2 31. Re1 d3 32. Ra1 Rd8 33. Rc1 d2
34. Rf1 d1=Q 35. Rxd1 Rxd1+ 36. Kh2 Ra1 37. g4 Rxa3 38. Kg2 Rb3 39. h4 Rxb4 40.
Kf3 a5 41. Kg3 a4 42. g5 hxg5 43. hxg5 a3 0-1

[Event "Challenge"]
[Site "http://www.queenalice.com/game.php?id=356402"]
[Date "2008.2.18"]
[Round "-"]
[White "Drica"]
[Black "cre4"]
[Result "0-1"]
[WhiteElo "1463"]
[BlackElo "1591"]

1. e4 e6 2. c4 Nf6 3. Nc3 Nc6 4. c5 Bxc5 5. g4 d5 6. exd5 exd5 7. Qe2+ Be7 8. g5
Ne4 9. Nxe4 dxe4 10. Qxe4 O-O 11. Bd3 g6 12. b3 Re8 13. Qf3 Nd4 14. Qd1 Bxg5+
15. Ne2 Bg4 16. Bb2 Bxe2 17. Bxe2 Rxe2+ 18. Qxe2 Nxe2 19. Kxe2 Qxd2+ 20. Kf3
Qxb2 21. Rae1 Qxa2 22. h4 Qxb3+ 23. Kg4 Bd2 24. Re7 Qb4+ 25. Kg3 Qxe7 26. h5
Qe5+ 27. f4 Qxf4+ 28. Kg2 gxh5 29. Rxh5 Qg4+ 30. Kf2 Qxh5 31. Kg2 Re8 0-1

[Event "Chess"]
[Site "http://www.queenalice.com/game.php?id=426999"]
[Date "2008.7.3"]
[Round "-"]
[White "cre4"]
[Black "johnny_knoxville"]
[Result "0-1"]
[WhiteElo "1602"]
[BlackElo "1592"]

1. e4 e5 2. Nf3 d6 3. d4 Bg4 4. Be2 Bxf3 5. Bxf3 Nd7 6. O-O Ngf6 7. Bg5 Be7 8.
dxe5 Nxe5 9. Nc3 O-O 10. Bxf6 Bxf6 11. Nd5 c6 0-1